Normal view
MARC view
Entry Topical Term
001 - CONTROL NUMBER
- control field: 14251
003 - CONTROL NUMBER IDENTIFIER
- control field: ARRUPE
005 - DATE AND TIME OF LATEST TRANSACTION
- control field: 20150120124842.0
008 - FIXED-LENGTH DATA ELEMENTS
- fixed length control field: 150120|| aca||aabn | a|a d
040 ## - CATALOGING SOURCE
- Original cataloging agency: ARRUPE
- Transcribing agency: ARRUPE
150 ## - HEADING--TOPICAL TERM
- Topical term or geographic name as entry element: Quantum theory
670 ## - SOURCE DATA FOUND
- Source citation: Work cat.: (ARRUPE): Heitler, W. 14248, The quantum theory of radiation/, 1957.